000
00275nam a22001217a 4500
008
180904b xxu||||| |||| 00| 0 eng d
041
_a
eng
080
_a
616
100
_a
9
101
_a
PAT
245
_a
CRC Handbook of Chromatography Drugs
_c
Gupta, R.N
942
_2
udc
_c
BK
999
_c
47524
_d
47524